000 00625cam a22002054a 4500
005 20250605164214.0
008 250528s ||||||||||||||||||||||||d
035 _a20388
020 _a861047508
040 _aGR-AtMCL
_bgre
_dGR-AtMCL
_eAACR2
245 1 _aPop Goes to Culture
260 _bPluto Press,
_c1983
300 _a156
505 0 _aIntroduction, Jazz, America to the 1970s, Popular Culture, Oz, Politics, More books.
520 _aIntroduction, Jazz, America to the 1970s, Popular Culture, Oz, Politics, More books.
700 1 _aMcgregor Craig
_96369
942 _cBK
999 _c5502
_d5502